Cricket - India Pakistan venues in World Cups - Statistics

General Stats
  • This quiz has been taken 24 times
  • The average score is 4 of 12
Answer Stats
Answer % Correct
Dubai
61%
Sydney
61%
Manchester
44%
Bangalore
39%
Colombo
39%
Kolkata
39%
Adelaide
28%
Mohali
28%
Johannesburg
22%
Centurion
6%
Mirpur
6%
Durban
0%
No matching quizzes found
Score Distribution
Percent of People with Each Score
Percentile by Number Answered
Your Score History
You have not taken this quiz